00281nam a2200109Ia 4500008004100000100001900041245005500060250001200115260002800127300000800155650000800163191201s2009 xx 000 0 und d aWESTON, J Fred 0aTakeovers, Restructuring, and Corporate Governance a7th IMP aN. DelhibPearsonc2009 a718 aMBA